Disney Charaktere als Emoji - Statistiken

Allgemein
  • Dieses Quiz wurde 571 mal gespielt
  • Das Durchschnittsergebnis liegt bei 7 aus 15
Antwortstatistiken
Hint Antwort % Korrekt
👩🏼❄️ Elsa
93%
👧🏻🌊⛵ Vaiana
75%
👦🏻🤥🎪 Pinocchio
70%
🐶⚡ Bolt
69%
👩🏻⚔️ Mulan
68%
🐙👩🏻 Ursula
47%
👩🏼🌞👑 Rapunzel
44%
🤠 Woody
44%
👩🏻👗🟡 Belle
40%
👩🏻🍁🍃🌬️ Pocahontas
38%
🎀🐭 Minnie Mouse
29%
🎀🐱 Marie
26%
👧🏻🍬🍭🚗 Vanellope
21%
🎩☠️🔮 Dr.Facilier
17%
👶🏻🐻 Koda
11%
Keine übereinstimmenden Quizze gefunden
Verteilung der Resultate
Anzahl Personen mit jedem Resultat
Perzentil nach korrekt beantworteten Fragen
Ihre Resultats-Entwicklung
Sie haben dieses Quiz noch nicht gespielt